Maryland Cities - Sudden Death - Statistics

General Stats
  • This quiz has been taken 192 times
  • The average score is 12 of 21
Answers on the Grid
Answers color-coded by a green-red scale on the quiz's grid according to % correct below.
Annapolis
Baltimore
Hagerstown
Towson
Gaithersburg
Frederick
Westminster
Cumberland
Ocean City
College Park
Salisbury
Waldorf
Silver Spring
Columbia
Wilmington
Charleston
Richmond
Rockville
Germantown
Mt. Airy
Bel Air
Halethorpe
Havre De Grace
Chesapeake Beach
Martinsburg
Harpers Ferry
Alexandria
Washington D.C
Dover
Pittsburgh
Springfield
Columbus
Arlington
Newark
Providence
Lincoln
Trenton
Harrisburg
Allentown
Atlantic City
 
Answer Stats
Answer % Correct
Baltimore
72%
Ocean City
70%
Rockville
66%
Annapolis
64%
Frederick
63%
Silver Spring
63%
Towson
63%
Columbia
62%
Salisbury
61%
College Park
59%
Gaithersburg
59%
Hagerstown
59%
Cumberland
58%
Bel Air
54%
Germantown
53%
Havre De Grace
53%
Waldorf
53%
Mt. Airy
46%
Westminster
45%
Chesapeake Beach
38%
Halethorpe
30%
No matching quizzes found
Score Distribution
Percent of People with Each Score
Percentile by Number Answered
Your Score History
You have not taken this quiz